Advanced engineering mathematics / (Record no. 11515)

000 -LEADER
fixed length control field 00487cam a2200181 i 4500
020 ## - INTERNATIONAL STANDARD BOOK NUMBER
ISBN 0491995215.
-- 0471995207
040 ## - CATALOGING SOURCE
Transcribing agency DLC
082 00 - DEWEY DECIMAL CLASSIFICATION NUMBER
Classification number 510 WIL 1977 A029 Or.
100 1# - MAIN ENTRY--AUTHOR NAME
Personal name Bajpai, A. C.
245 10 - TITLE STATEMENT
Title Advanced engineering mathematics /
260 ## - PUBLICATION, DISTRIBUTION, ETC. (IMPRINT)
Place of publication London ;
-- New York :
Name of publisher Wiley,
Year of publication c1977.
300 ## - PHYSICAL DESCRIPTION
Number of Pages x, 578 p. :
Other physical details ill. ;
Dimensions 24 cm.
500 ## - GENERAL NOTE
General note Includes index.
650 #0 - SUBJECT ADDED ENTRY--TOPICAL TERM
Topical Term Engineering mathematics.
700 1# - ADDED ENTRY--PERSONAL NAME
Personal name Mustoe, L. R.,
700 1# - ADDED ENTRY--PERSONAL NAME
Personal name Walker, Dennis,
942 ## - ADDED ENTRY ELEMENTS (KOHA)
Koha item type សៀវភៅភាសាអង់គ្លេស
952 ## - LOCATION AND ITEM INFORMATION (KOHA)
Withdrawn status [LOCAL, KOHA] 0
Holdings
Permanent Location Date acquired Koha item type Lost status Shelving location Barcode Current Location Full call number
Library Block A2017-08-03សៀវភៅភាសាអង់គ្លេស A029A09731Library Block A510 WIL 1977 A029 Or.
មជ្ឈមណ្ឌលឯការនៃសាកលវិទ្យាល័យភូមិន្ទកសិកម្មចំការដូង

Powered by Koha